| 000 | 00791nam a2200241Ia 4500 | ||
|---|---|---|---|
| 003 | OSt | ||
| 005 | 20240226111255.0 | ||
| 008 | |||
| 020 | _a085290469X (paperback) | ||
| 040 |
_cNUST _aNUST _beng _dNUST _erda |
||
| 050 | _aHF5389 MOL | ||
| 100 | 1 |
_aMole, John. _eAuthor |
|
| 245 | 1 | 0 |
_aMind your manners : _bculture clash in the European single market / _cJohn Mole. |
| 260 |
_aLondon : _bBrealey Pub., _cc1990. |
||
| 300 |
_axiii, 200 pages ; _c23 cm. |
||
| 336 |
_2rdacontent _atext _btxt |
||
| 337 |
_2rdamedia _aunmediated _bn |
||
| 338 |
_2rdacarrier _avolume _bnc |
||
| 650 | 0 |
_aIndustrial management _zEurope. |
|
| 650 | 0 |
_aBusiness etiquette _zEurope. |
|
| 650 | 0 |
_aCorporate culture _zEurope. |
|
| 942 |
_cBOOKS _kHF _mMOL _2lcc _hHF5389 _n0 |
||
| 999 |
_c138515 _d138515 |
||